Sacrae rotae romanae decisiones, et summorum pontificum constitutiones recentissimae, theatrum veritatis & justitiae Cardinalis de Luca, ejusque tractatus de officiis venal. et statut. successionibus amplectentes, confirmantes, & laudantes. (Record no. 8734)

MARC details
000 -CABECERA
campo de control de longitud fija 00961nam a2200229 a 4500
001 - NÚMERO DE CONTROL
campo de control BRCA_9084
005 - FECHA Y HORA DE LA ÚLTIMA TRANSACCIÓN
campo de control 20190320210521.0
008 - DATOS DE LONGITUD FIJA--INFORMACIÓN GENERAL
campo de control de longitud fija 110917s1734----it-#######---#000-0#lat-#
041 ## - CÓDIGO DE LENGUA
Código de lengua del texto/banda sonora o título independiente lat
044 ## - CÓDIGO DEL PAÍS DE LA ENTIDAD EDITORA/PRODUCTORA
Código MARC del país it
084 ## - OTRO NÚMERO DE CLASIFICACIÓN
Número de clasificación U118
Número de documento/Ítem .S23 1734
245 10 - MENCIÓN DE TÍTULO
Título Sacrae rotae romanae decisiones, et summorum pontificum constitutiones recentissimae, theatrum veritatis & justitiae Cardinalis de Luca, ejusque tractatus de officiis venal. et statut. successionibus amplectentes, confirmantes, & laudantes.
260 ## - PUBLICACIÓN, DISTRIBUCIÓN, ETC.
Lugar de publicación, distribución, etc. Venetiis
Nombre del editor, distribuidor, etc. Es typographia Balleoniana
Fecha de publicación, distribución, etc. 1734
300 ## - DESCRIPCIÓN FÍSICA
Extensión 2 vol.
Dimensiones 38.5 x 24.5 cm
500 ## - NOTA GENERAL
Nota general Superorum permissu, ac privilegiis
500 ## - NOTA GENERAL
Nota general Estado físico: presenta encuadernación en piel y deteriorada
505 0# - NOTA DE CONTENIDO CON FORMATO
Nota de contenido con formato Contenido T.1 y T.3
600 14 - PUNTO DE ACCESO ADICIONAL DE MATERIA--NOMBRE DE PERSONA
Nombre de persona De Luca, Giovanni Battista
Fechas asociadas al nombre 1614 - 1683
Título de la obra Theatrum veritatis et justitiae
9 (RLIN) 22451
650 14 - PUNTO DE ACCESO ADICIONAL DE MATERIA--TÉRMINO DE MATERIA
Término de materia o nombre geográfico como elemento de entrada Derecho canónico
Subdivisión general Casos
Subdivisión cronológica Obras anteriores a 1800
9 (RLIN) 22452
902 ## - CATALOGADOR
Iniciales CFM
942 ## - ELEMENTOS DE PUNTO DE ACCESO ADICIONAL (KOHA)
Fuente del sistema de clasificación o colocación Library of Congress Classification
Tipo de ítem Koha Libros
Holdings
Estado de retiro Estado de pérdida Estado dañado No para préstamo Localización permanente Ubicación/localización actual Fecha de adquisición Total de préstamos Signatura topográfica completa Código de barras Fecha visto por última vez Precio válido a partir de Tipo de ítem Koha Código de colección
El ejemplar forma parte de la colección y puede ser consultado según las políticas vigentes.       Biblioteca del Museo Franz Mayer (Rogerio Casas-Alatriste) Biblioteca del Museo Franz Mayer (Rogerio Casas-Alatriste) 11/09/2017   U118 .S23 1734 CFM00444 22/03/2019 22/03/2019 Libros  
El ejemplar forma parte de la colección y puede ser consultado según las políticas vigentes.       Biblioteca del Museo Franz Mayer (Rogerio Casas-Alatriste) Biblioteca del Museo Franz Mayer (Rogerio Casas-Alatriste) 27/09/2017   U118 .S23 1734 CFM00445 22/03/2019 22/03/2019 Libros Conventual Franz Mayer